000 00526nam a2200217Ia 4500
003 IT-RoPAU
008 120407s9999 xx 000 0 und d
040 _aIT-RoPAU
040 _cIT-RoPAU
041 _aita
245 _aAnimazione vocazionale. Atti dei convegni dei promotori della Famiglia Paolina.
250 _aRoma
260 _aCuria Provinciale SSP
260 _c1980
300 _a159 p.
300 _c22 cm
490 _v1
710 _aCentro di promozione e Formazione
942 _cBK
999 _c26519
_d26519